| 000 -LEADER |
| fixed length control field |
00434cam a22001337a 4500 |
| 008 - FIXED-LENGTH DATA ELEMENTS--GENERAL INFORMATION |
| fixed length control field |
180718b1975 xxu||||| |||| 00| 0 eng d |
| 082 ## - DEWEY DECIMAL CLASSIFICATION NUMBER |
| Classification number |
F5x43 St28 |
| 100 ## - MAIN ENTRY--PERSONAL NAME |
| Personal name |
Starrels, John M. |
| 245 ## - TITLE STATEMENT |
| Title |
Politics in the German Democratic Republic |
| Statement of responsibility, etc. |
by John M. Starrels and Anita M. Mallinckrodt |
| 260 ## - PUBLICATION, DISTRIBUTION, ETC. |
| Place of publication, distribution, etc. |
New York |
| Name of publisher, distributor, etc. |
Praeger |
| Date of publication, distribution, etc. |
1975 |
| 300 ## - PHYSICAL DESCRIPTION |
| Extent |
397p. |
| 650 ## - SUBJECT ADDED ENTRY--TOPICAL TERM |
| Topical term or geographic name entry element |
Germany (East) --Politics and government |
| 700 ## - ADDED ENTRY--PERSONAL NAME |
| Personal name |
Mallinckrodt, Anita M. |